000 00610nam a22002297a 4500
003 UA-OsUOA
001 38499
007 ta
008 20071222b un ||||| |||| 00| 0 ukr d
100 _aПігідо Ф.
090 _a94(477).10
_bП36
942 _cBR
040 _aUA-OsUOA
_bukr
_cUA-OsUOA
_dUA-OsUOA
245 _aКонсолідація і т.зв. непередрішенство
300 _a20 с.
955 _a1
041 _aukr
080 _a94(477).10
260 _aНовий Ульм
_c1958
650 7 _a9 Географія. Біографії. Історія
_2UDC
999 _c437009
_d437009